| 000 | 00967nam a22002537a 4500 | ||
|---|---|---|---|
| 999 |
_c8380 _d8380 |
||
| 003 | AR-CdUCM | ||
| 008 | 190325b ||||| |||| 00| 0 spa d | ||
| 040 |
_aMUNICIPALIDAD PROVINCIAL DEL CUSCO _cBIBLIOTECA MUNICIPAL DEL CUSCO |
||
| 041 | _hita | ||
| 082 |
_a152 / _bSE49 |
||
| 100 |
_aServadio, Emilio. _923523 |
||
| 245 | _aLos sueños / | ||
| 260 |
_aMéxico, D.F : _b Edit. Hispano Americana, _c1961. |
||
| 300 |
_a102 paginas ; _c17 cm. |
||
| 440 |
_aManuales Utea _n58 _923524 |
||
| 500 | _aTitulo original : Il sogno | ||
| 505 | _aContenido : Los sueños a través del tiempo -- Los sueños en las creencias populares -- Naturaleza y función del sueño -- Lineamientos de psicología de lo profundo -- La elaboración de los sueños... | ||
| 650 |
_aSueños _9335 |
||
| 650 |
_aCreencias populares _923525 |
||
| 650 |
_aLineamientos de la psicología _923526 |
||
| 700 |
_aSamper, Emilio (Traductor) _923527 |
||
| 942 |
_2ddc _cLIBROS |
||
| 945 | _awnts | ||